Statistiques concernant Connaissez-vous vraiment le film La soupe aux choux ?

Cliquez ici pour prendre le quiz!

Statistiques générales

  • Ce quiz a été pris 109 fois
  • Le résultat moyen est 10 sur 16

Statistiques - réponses

HintRéponse% Correct
Qui interprète le rôle de Claude Ratinier (le Glaude) ?Louis de Funès
99%
"Si on peut plus _____ sous les étoiles sans faire tomber un martien, il va nous en arriver des pleines brouettes !"péter
96%
Durant quelle décennie est sorti le film ?les années 80 (1981)
85%
Quel animal le Glaude et le Bombé emmène-t-ils avec eux sur la planète ?un chat
80%
Quel plat fait manger le Glaude à la Denrée ?de la soupe aux choux
78%
Qui interprète le rôle l'extraterrestre (la Denrée) ?Jacques Villeret
68%
Pourquoi le Bombé est-il surnommé de la sorte ?Il est bossu
65%
Comment s'appelle la planète de la Denrée ?Oxo
65%
Comment s'appelle la femme décédée puis résucitée du Glaude ?Francine
64%
"- Et t'oublieras pas que tu me dois 3 litres ! - 3 litres de _____.... 3 litres de _____ que t'auras !"pisse
51%
De quoi se nourrissent les habitants de la planète de la Denrée ?de minéraux
49%
Qui interprète le rôle de Francis Chérasse (le Bombé) ?Jean Carmet
49%
"J'ai jamais eu qu'une femme... et c'était la _____."tienne
39%
"Le canon faut comprendre aussi que ce n'est pas seulement du pinard mais que c'est de ______"l'amitié
33%
"On commence par voir des _____, et on finit par voir des rats se balader sur l'édredon !"soucoupes
33%
Qui est le réalisateur de La soupe aux choux ?Jean Girault
23%

Distribution des résultats

Percentile par nombre de réponses

% des personnes avec chaque résultat

Votre développement - résultats

Vous n’avez pas pris ce quiz